| 000 | 00847cab a2200277 4500 | ||
|---|---|---|---|
| 001 | ABS59100 | ||
| 008 | 090401t1998 xxu||||| |||| 00| 0 eng d | ||
| 035 | _a(Sirsi) u87698 | ||
| 041 | _aeng | ||
| 100 | _aPenfold, B. | ||
| 245 | _aBusiness rates and council tax | ||
| 260 | _c1998 | ||
| 350 | _a0 | ||
| 490 |
_aSolicitors` Journal _v142(27) 10 July 1998, 652(1) |
||
| 520 | _aConsiders the consultation papers published by government relating to `Business Rates` and `Improving Local Financial Accountability`, which deals with council tax. | ||
| 650 | _aBUSINESS RATES | ||
| 650 | _aCOUNCIL TAX | ||
| 650 | _aRE-BANDING | ||
| 650 | _aRELIEF | ||
| 650 | _aALL ITEMS RETAIL PRICES INDEX | ||
| 650 | _aSMALL BUSINESSES | ||
| 650 | _aSUPPLEMENTARY RATES | ||
| 690 | _aRATING AND VALUATION | ||
| 942 | _n0 | ||
| 948 | _c29/07/1998 | ||
| 999 |
_c55330 _d55330 |
||